| 000 | 00449nam a22001817a 4500 | ||
|---|---|---|---|
| 003 | CEME | ||
| 005 | 20210628203649.0 | ||
| 008 | 210318b xxu||||| |||| 00| 0 eng d | ||
| 020 | _a0-07-59172-5 | ||
| 040 | _c. | ||
| 082 | _a620.16 SMP'S | ||
| 100 |
_aSmith, Williams F _966747 |
||
| 245 | _aStructure and properties of engineering alloys | ||
| 250 | _a2ND | ||
| 260 |
_aNEWYORK _bMCGRAW HILL _c1993 |
||
| 300 | _aXVII,630P | ||
| 942 |
_cBK _2ddc |
||
| 999 |
_c574660 _d574660 |
||